| 000 | 00885nam a2200241 a 4500 | ||
|---|---|---|---|
| 001 | 13563 | ||
| 003 | BD-JhCC | ||
| 005 | 20240219115855.0 | ||
| 008 | 240219b2018 b a|||| ||a| 000 0 b d | ||
| 020 | _a9789849329602 | ||
| 035 | _a(BD-JhCC)13563 | ||
| 040 |
_aBD-JhCC _dBD-JhCC |
||
| 041 | _aBengali | ||
| 082 |
_a891.4435 _bHOZ 2018 |
||
| 100 | _aহোজ্জা,নাসিরুদ্দিন | ||
| 245 |
_aগন্ধ শুঁকেছিলে / _cনাসিরুদ্দিন হোজ্জা,অনু:হেলাল উদ্দিন আহমেদ। |
||
| 260 |
_aঢাকা: _bময়ূরপঙ্খি; _c2018. |
||
| 300 |
_a12 p .: _bill; _c26 cm. |
||
| 490 | _aনাসিরুদ্দিন হোজ্জা-১ | ||
| 650 | _aBengalo Short Story. | ||
| 700 | _aআহমেদ,হেলাল উদ্দিন | ||
| 942 |
_2ddc _cBK |
||
| 999 |
_c13563 _d13563 |
||